Veintiuno : (Registro nro. 4196)

Detalles MARC
000 -LEADER
fixed length control field 01407nam a2200277Ia 4500
003 - CONTROL NUMBER IDENTIFIER
control field OSt
005 - DATE AND TIME OF LATEST TRANSACTION
control field 20200930230100.0
008 - FIXED-LENGTH DATA ELEMENTS--GENERAL INFORMATION
fixed length control field 191128s2012 mx ao gr 000 0dspa d
020 ## - INTERNATIONAL STANDARD BOOK NUMBER
International Standard Book Number 9786070054969
040 ## - CATALOGING SOURCE
Original cataloging agency CO-JMCR
Transcribing agency CO-JMCR
041 0# - LANGUAGE CODE
Language code of text/sound track or separate title spa
082 04 - DEWEY DECIMAL CLASSIFICATION NUMBER
Classification number 928 /
Item number A321v
Edition number 23
100 1# - MAIN ENTRY--PERSONAL NAME
Personal name Alarcón, Óscar,
Relator term autor
9 (RLIN) 11090
245 10 - TITLE STATEMENT
Title Veintiuno :
Remainder of title charlas con 20 escritores /
Statement of responsibility, etc. Óscar Alarcón ; edición, Mauricio Bares ; revisión, Daniel Espartaco Sánchez
250 ## - EDITION STATEMENT
Edition statement Primera edición
260 ## - PUBLICATION, DISTRIBUTION, ETC.
Place of publication, distribution, etc. Puebla :
Name of publisher, distributor, etc. Nitro/Press : Benemérita Universidad Autónoma de Puebla,
Date of publication, distribution, etc. 2012
300 ## - PHYSICAL DESCRIPTION
Extent 173 páginas :
Other physical details fotografías a blanco y negro ;
Dimensions 22 cm.
500 ## - GENERAL NOTE
General note Incluye datos biográficos del autor en solapa posterior.
505 0# - FORMATTED CONTENTS NOTE
Formatted contents note Andrés Acosta -- Jaime Mesa -- Luigi Amara -- Guillermo Rubio -- Fernando del Paso -- Iván Farías -- Ricardo Cartas -- Paco ignacio Taibo II -- Eduardo Huchín Sosa -- Juan Villoro -- Rodrigo Duran -- Carlos Fuentes -- Alberto
520 3# - SUMMARY, ETC.
Summary, etc. Óscar Alarcón rescata del desuso un género editorial casi olvidado: el libro de entrevistas. Y en Veintiuno-Charlas con 20 escritores nos lo devuelve alegre.
650 14 - SUBJECT ADDED ENTRY--TOPICAL TERM
Topical term or geographic name entry element Autores
General subdivision entrevistas
9 (RLIN) 11091
650 14 - SUBJECT ADDED ENTRY--TOPICAL TERM
Topical term or geographic name entry element Literatura latinoamericana
General subdivision historia y crítica
9 (RLIN) 11092
700 1# - ADDED ENTRY--PERSONAL NAME
Personal name Bares, Mauricio,
Relator term editor
9 (RLIN) 11093
700 1# - ADDED ENTRY--PERSONAL NAME
Personal name Espartaco Sánchez, Daniel,
Relator term revisor
9 (RLIN) 11094
942 ## - ADDED ENTRY ELEMENTS (KOHA)
Source of classification or shelving scheme Dewey Decimal Classification
Koha item type Books
Existencias
Withdrawn status Lost status Source of classification or shelving scheme Damaged status Not for loan Collection code Home library Current library Date acquired Source of acquisition Full call number Barcode Date last seen Copy number Koha item type
    Dewey Decimal Classification     Non-fiction Biblioteca Pública José María del Castillo y Rada Biblioteca Pública José María del Castillo y Rada 08/24/2018 Donación 928 / A321v 201809021 05/16/2024 Ej.1 Books